000
00322nam a2200145Ia 4500
100
_a
Holzer steven
942
_c
BK
654
_a
assembly language
245
_a
C with assembly language
260
_b
BPB Publication
_a
New Delhi
_c
1990
082
_a
001.6424C
_b
HOL
300
_a
436
546
_a
ENGLISH
999
_c
28804
_d
28804